| 000 | 00695nam a2200145Ia 4500 | ||
|---|---|---|---|
| 008 | 100204s9999 xx 000 0 und d | ||
| 082 | _b2932 | ||
| 100 | _aटेंबे डी. के. / अरविंद पेंढारकर जोशी विष्णू श्रीधर | ||
| 245 | _aटेलीथेरपी अर्थात दूरचिकित्सा | ||
| 260 |
_b"अंजली प्रकाशन, पुणे" _c1980 |
||
| 300 | _a60 | ||
| 630 | _aटेलीथेरपी अर्थात दूरचिकित्सा | ||
| 730 | _aटेलीथेरपी अर्थात दूरचिकित्सा | ||
| 942 | _cBOOK | ||
| 999 |
_c465456 _d465453 |
||